L'Asie inconnue / (Record no. 78710)

MARC details
000 -LEADER
campo de control de longitud fija 00863nam a2200217 i 4500
001 - NÚMERO DE CONTROL
campo de control 78710
003 - IDENTIFICADOR DE NÚMERO DE CONTROL
campo de control ES-MaACL
005 - FECHA Y HORA DE LA ÚLTIMA TRANSACCIÓN
campo de control 20250904063052.0
007 - CAMPO FIJO DE DESCRIPCIÓN FÍSICA--INFORMACIÓN GENERAL
campo de control de longitud fija t|
008 - DATOS DE LONGITUD FIJA--INFORMACIÓN GENERAL
campo de control de longitud fija 041015s1903 fr ||||1| fre d
100 1# - ENTRADA PRINCIPAL--NOMBRE DE PERSONA
Nombre de persona Hedin, Sven Anders,
Fechas asociadas al nombre 1865-1952
9 (RLIN) 62301
245 12 - MENCIÓN DEL TÍTULO
Título L'Asie inconnue /
Mención de responsabilidad, etc. Sven Hedin ; traduit du swedois par Charles Rabot contenant des cartes et des photographies.
260 ## - PUBLICACIÓN, DISTRIBUCIÓN, ETC.
Lugar de publicación, distribución, etc. Paris :
Nombre del editor, distribuidor, etc. Félix Juven,
Fecha de publicación, distribución, etc. [1903]
300 ## - DESCRIPCIÓN FÍSICA
Extensión 2 v. :
Otras características físicas il. ;
Dimensiones 27 cm.
500 ## - NOTA GENERAL
Nota general En port.: Ouvrage contenant 4 cartes et de nombreuses illustrations d'après les photographies prises par l'auteur.
505 8# - NOTA DE CONTENIDO CON FORMATO
Nota de contenido con formato Contiene: [1ere partie]: Dans les sables de l'Asie. -- [2eme part.]: Vers la ville interdite
651 #4 - PUNTO DE ACCESO ADICIONAL DE MATERIA--NOMBRE GEOGRÁFICO
Nombre geográfico China-
Subdivisión general Descripción.
9 (RLIN) 8049
700 1# - ENTRADA AGREGADA--NOMBRE PERSONAL
Nombre de persona Rabot, Charles.
9 (RLIN) 94871
852 ## - LOCALIZACIÓN
Ubicación ES-MaACL
Número de control de estantería C-102-103
Holdings
Estatus retirado Estado de pérdida Estado de daño No para préstamo Biblioteca de origen Biblioteca actual Ubicación en estantería Fecha de adquisición Fuente de adquisición Total de préstamos Signatura topográfica completa Código de barras Visto por última vez Precio de reemplazo Tipo de ítem Koha
        Biblioteca del Ateneo de Madrid Biblioteca del Ateneo de Madrid Sala Palomar 17/01/2008     C-102-103 1082321 23/02/2023 23/02/2023 Libro impreso